Landlord and tenant series : the tenant`s rights of pre-emption. (Record no. 99494)

MARC details
000 -LEADER
fixed length control field 00608cam a2200217 4500
008 - FIXED-LENGTH DATA ELEMENTS--GENERAL INFORMATION
fixed length control field 090401t1999 xxu||||| |||| 00| 0 eng d
020 ## - INTERNATIONAL STANDARD BOOK NUMBER
ISBN 1854319809
035 ## - SYSTEM CONTROL NUMBER
System control number (Sirsi) u99855
041 ## - LANGUAGE CODE
Language code of text/sound track or separate title eng
050 ## - Library of Congress Classification
Class mark 346.4104344
100 ## - MAIN ENTRY--PERSONAL NAME
Personal author Kenny, Phillip
245 ## - TITLE STATEMENT
Title Landlord and tenant series : the tenant`s rights of pre-emption.
260 ## - PUBLICATION INFORMATION
Place of publication London
Publisher Blackstone Press
Date 1999
300 ## - PHYSICAL DESCRIPTION
Physical description xix, 161p. ; 24cm.
650 ## - KEYWORDS
Keywords LANDLORD AND TENANT ACT 1987 PART I
651 ## - SUBJECT ADDED ENTRY--GEOGRAPHIC NAME
Geographic name United Kingdom 1973
690 ## - BROAD SUBJECT
Broad subject PROPERTY-LANDLORD AND TENANT
942 ## - ADDED ENTRY ELEMENTS (KOHA)
Suppress in OPAC Do not suppress in OPAC
350 ## - PRICE (NR) (BK AM CF MU VM SE) [OBSOLETE]
Price 24.95
948 ## - LOCAL PROCESSING INFORMATION (OCLC); SERIES PART DESIGNATOR (RLIN)
c (OCLC) 21/04/1999
Holdings
Lost status Source of classification or shelving scheme Damaged status Not for loan Home library Current library Shelving location Date acquired Total Checkouts Full call number Barcode Date last seen Date last borrowed Copy number Price effective from Koha item type
  Other/Generic Classification Scheme     London London Books 11/05/2000 11 346.4104344 KEN 30061333 06/08/2019 07/07/2003 1 06/08/2019 Book